Mlynská sa stala eldorádom prostitútok. Starší muž považoval aj obyčajné dievča za kňažku lásky život v Košiciach pred sto rokmi zachytený v dobovej tlači

Bibliographic Details
Main Author: Ondrejšík, Tomáš, 1986- (Author)
Format: Article
Language:Slovak
PhysicalDescription:Fotografie
ISSN:2585-7355
Subjects:
Online Access:https://kosice.korzar.sme.sk/c/23282393/mlynska-bola-eldoradom-prostitutok-muz-povazoval-aj-obycajne-dievca-za-knazku-lasky.html

MARC

LEADER 00000nab a2200000u 4500
001 vtls012251297
003 SK-MaSNL
005 20260304175839.0
008 240226|20240215xo ||||||| || ||slo|
038 |a KEVKJB 
040 |a KEVKJB  |b slo  |e rda 
041 0 |a slo 
043 |a e-xo--- 
044 |a xo  |c SK 
072 7 |a 93/94  |x Dejiny (všeobecne)  |2 konspekt 
080 |a 93/94-027.541  |2 2011 
100 1 |a Ondrejšík, Tomáš,  |d 1986-  |4 aut  |9 364203 
245 1 0 |a Mlynská sa stala eldorádom prostitútok. Starší muž považoval aj obyčajné dievča za kňažku lásky  |b život v Košiciach pred sto rokmi zachytený v dobovej tlači  |c Tomáš Ondrejšík 
300 |b Fotografie 
336 |a text  |b txt  |2 rdacontent 
337 |a bez média  |b n  |2 rdamedia 
338 |a zväzok  |b nc  |2 rdacarrier 
648 7 |a 1924  |2 kevkjb  |9 285747 
650 0 7 |a regionálne dejiny  |2 SNKPH  |9 63645 
650 0 7 |a dobová tlač  |2 kevkjb  |9 835693 
650 0 7 |a dobové fotografie  |2 kevkjb  |9 873477 
650 0 7 |a požiare  |2 SNKPH  |9 1504 
651 7 |a Košice (Slovensko)  |2 SNKPHgeo  |9 18694 
651 7 |a Mlynská ulica (Košice, Slovensko)  |2 kevkjb  |9 552173 
773 0 |t Korzár - SME  |g Roč. XXVII., č. 33 (15.2.2024), s. 10  |x 2585-7355 
852 |a KEVKJB  |b KIS3GCP 
856 4 1 |u https://kosice.korzar.sme.sk/c/23282393/mlynska-bola-eldoradom-prostitutok-muz-povazoval-aj-obycajne-dievca-za-knazku-lasky.html 
999 |c 3015439  |d 3017369